Catálogo de las lenguas de América del Sur (Record no. 6486)
[ view plain ]
| 000 -LEADER | |
|---|---|
| campo de control de longitud fija | 00811nam a2200241 i 4500 |
| 001 - NÚMERO DE CONTROL | |
| campo de control | 6486 |
| 003 - IDENTIFICADOR DE NÚMERO DE CONTROL | |
| campo de control | ES-MaACL |
| 005 - FECHA Y HORA DE LA ÚLTIMA TRANSACCIÓN | |
| campo de control | 20250629063118.0 |
| 007 - CAMPO FIJO DE DESCRIPCIÓN FÍSICA--INFORMACIÓN GENERAL | |
| campo de control de longitud fija | t| |
| 008 - DATOS DE LONGITUD FIJA--INFORMACIÓN GENERAL | |
| campo de control de longitud fija | 891124s1984 sp ||||1| spa d |
| 020 ## - NÚMERO INTERNACIONAL ESTÁNDAR DEL LIBRO | |
| Número Internacional Estándar del Libro | 84-249-0958-5 |
| 080 ## - NÚMERO DE LA CLASIFICACIÓN DECIMAL UNIVERSAL | |
| Número de la Clasificación Decimal Universal | 498 |
| 100 1# - ENTRADA PRINCIPAL--NOMBRE DE PERSONA | |
| Nombre de persona | Tovar, Antonio, |
| Fechas asociadas al nombre | 1911-1985 |
| 9 (RLIN) | 111167 |
| 245 10 - MENCIÓN DEL TÍTULO | |
| Título | Catálogo de las lenguas de América del Sur |
| Resto del título | : con clasificaciones, indicaciones tipológicas, bibliografía y mapas / |
| Mención de responsabilidad, etc. | Antonio Tovar, Consuelo Larrucea de Tovar. |
| 250 ## - MENCION DE EDICION | |
| Mención de edición | Nueva ed. ref. |
| 260 ## - PUBLICACIÓN, DISTRIBUCIÓN, ETC. | |
| Lugar de publicación, distribución, etc. | Madrid : |
| Nombre del editor, distribuidor, etc. | Gredos, |
| Fecha de publicación, distribución, etc. | D.L. 1984. |
| 300 ## - DESCRIPCIÓN FÍSICA | |
| Extensión | 632 p. ; |
| Dimensiones | 25 cm. |
| 500 ## - NOTA GENERAL | |
| Nota general | Indices. |
| 651 #4 - PUNTO DE ACCESO ADICIONAL DE MATERIA--NOMBRE GEOGRÁFICO | |
| Nombre geográfico | América del Sur- |
| Subdivisión general | Lenguas. |
| 9 (RLIN) | 7717 |
| 700 1# - ENTRADA AGREGADA--NOMBRE PERSONAL | |
| Nombre de persona | Larrucea de Tovar, Consuelo. |
| 9 (RLIN) | 70366 |
| 852 ## - LOCALIZACIÓN | |
| Ubicación | ES-MaACL |
| Número de control de estantería | L-13566 |
| Sublocalización o colección | R.111342 |
| Nota libre | . - Guaflex |
| Estatus retirado | Estado de pérdida | Estado de daño | No para préstamo | Biblioteca de origen | Biblioteca actual | Ubicación en estantería | Fecha de adquisición | Fuente de adquisición | Total de préstamos | Signatura topográfica completa | Código de barras | Visto por última vez | Precio de reemplazo | Tipo de ítem Koha |
|---|---|---|---|---|---|---|---|---|---|---|---|---|---|---|
| Biblioteca del Ateneo de Madrid | Biblioteca del Ateneo de Madrid | Depósito 2 | 17/01/2008 | L-13566 | 1006606 | 23/02/2023 | 23/02/2023 | Libro impreso |
